Name All 7 Central American Countries In Under 1 Minute - Statistics

General Stats
  • This quiz has been taken 39 times
  • The average score is 7 of 7
Answer Stats
Hint Answer % Correct
5 Panama
100%
2 El Salvador
97%
7 Honduras
94%
6 Nicaragua
94%
1 Guatemala
92%
4 Costa Rica
89%
3 Belize
86%
No matching quizzes found
Score Distribution
Percent of People with Each Score
Percentile by Number Answered
Your Score History
You have not taken this quiz